000
00353nam a22001577a 4500
003
MPLRDC
005
20220104144443.0
008
210129b ||||| |||| 00| 0 eng d
082
_a
495.1 LQZ
100
_a
林钦忠编
245
_a
簿记与会计
_c
260
_a
_b
吧生中华书局
_c
300
_b
平
650
_a
942
_c
BK
_o
495.1 LQZ
999
_c
49767
_d
49757